| 000 | 00580nam a2200193 u 4500 | ||
|---|---|---|---|
| 005 | 20240228063629.0 | ||
| 008 | 080729s1998 es r 000 0 spa d | ||
| 020 | _a8492126299 | ||
| 035 | _aUPN01000158453 | ||
| 049 | _aI | ||
| 050 | 4 |
_aPZ78 _bR6.4 |
|
| 100 | 1 |
_aRomero Yebra, Ana María, _d1945- _937723 |
|
| 245 | 1 | 0 |
_aEmezeta en mi planeta / _cAna María Romero Yebra ; il. Antonio J. Morata (Elmo). |
| 260 |
_aMálaga, Esp. : _bSarriá, _c[1998]. |
||
| 300 |
_a93 p. : _bil. |
||
| 440 | 0 |
_aLeones ; _v2 |
|
| 650 | 4 |
_aLiteratura infantil española _95892 |
|
| 905 | _aInfantil | ||
| 999 |
_c130567 _d130567 |
||